000 01179nam a22003497a 4500
001 0051382
003 KOHA_MİRAKIL
005 20260207003804.0
007 ta
008 190311b2013 xx a|||gr||||#0|||0|tur |
020 _a9786051331683
040 _aTR-BiSEU
_btur
_cTR-BiSEU
_erda
041 0 _atur
044 _ctu
050 _aQA303
_b.B37 2013
100 1 _aBarnett, Mond A..
245 1 _aİşletme, iktisat, yaşam bilimleri ve sosyal bilimler için genel matematik/
_cMond A. Barnett ; Mond A. Barnett, Michael R. Ziegler, Karl E. Byleen; çeviri editörü Arif Sabuncuoğlu.
250 _a12. Basımdan Çeviri
264 1 _aAnkara :
_bNobel Akademik Yayıncılık
_c2013
300 _aXVI, 658 sayfa :
_bresimli ;
_c27 cm.
336 _ametin
_btxt
_2rdacontent
337 _aaracısız
_bn
_2rdamedia
338 _acilt
_bnc
_2rdacarrier
490 1 _aNobel Akademik yayın nu ;
_v266.
490 1 _aMatematik-İstatistik nu ;
_v8.
500 _aDizin var.
500 _aKaynakça var.
650 0 _aMatematik.
_91486
830 1 _aNobel Akademik yayın nu ;
_v266.
_995519
830 1 _aMatematik-İstatistik nu ;
_v8.
_976428
942 _2lcc
_cBK
999 _c51206
_d51206